00769nam a22002177a 450000500170000001000150001702000260003203500140005803700090007208200090008110000240009024500890011425000060020326000380020927000540024730000200030170000370032194200200035899900190037895201540039720260529113454.0 aENG-148632 a9789354423178c740.00 aEN-132164 bDBAD aS21 aGharai, Anil989228 aThe Almond Flowers and Other Stories/cAnil Gharai [and] Edited by Indranil Acharya  a1 aTelanganabOrient BlackSwanc2022 a3-6-752 Himanyanagar HyderabadbTelanganae500029 a195p.c21cm(pb) aIndranil Acharya eEditor989229 2ddccENhSmGHA c216392d216392 001040718FICaDBADbDBADd2026-05-29eDelivery of Books Act Divisiong740.00l0oS GHApEN-132164r2026-05-29 11:35:19t 1v740.00w2026-05-29yEN